| 000 | 00588nmm a2200193Ia 4500 | ||
|---|---|---|---|
| 008 | 251105s9999||||xx |||||||||||||||||und|| | ||
| 020 | _a9788417860080 | ||
| 041 | _aspa | ||
| 100 | _aHoward, Elizabeth Jane | ||
| 245 | 0 |
_aUn tiempo nuevo. Crónicas de los Cazalet 4 : _b Crónicas de los Cazalet |
|
| 264 |
_a[Madrid, España] : _bSiruela, _c2019 |
||
| 300 | _a560 páginas | ||
| 490 | _aNuevos tiempos | ||
| 650 | _aEnglish Narrative | ||
| 700 | _aHoward, Elizabeth Jane | ||
| 700 | 1 | _a Montolío, Celia | |
| 856 | _uhttps://public.digitaliapublishing.com/a/68443 | ||
| 942 | _cCF | ||
| 999 |
_c66992 _d66992 |
||